00463 2200169 4500245009000000020002200090250001200112100001800124700002000142650001600162005001900178260004200197041001400239084000800253300002300261336000900284 aPercy Jackson and The Olympians b : The Titan's Curse Volume 3cRiordan, RickhText a978-602-385-191-1 aCet. 16 aRiordan, Rick aNuraini Mastura aNovel Fiksi a20230119093149 aJakartabPenerbit Mizan Fantasic2016 aIndonesia a813 a397 hlm. :c20 cm. atext